Interdependent welfare functions and optimal income distribution (Registro nro. 25881)

Detalles MARC
000 -LEADER
fixed length control field 00395 a2200121 4500
001 - CONTROL NUMBER
control field ART_11835
005 - DATE AND TIME OF LATEST TRANSACTION
control field 20260410161901.0
008 - FIXED-LENGTH DATA ELEMENTS--GENERAL INFORMATION
fixed length control field 260409a
100 1# - MAIN ENTRY--PERSONAL NAME
Personal name Kapteyn, Arie
245 10 - TITLE STATEMENT
Title Interdependent welfare functions and optimal income distribution
700 1# - ADDED ENTRY--PERSONAL NAME
Personal name van Herwaarden, Floor G.
773 0# - HOST ITEM ENTRY
Title Journal of public economics
Related parts - Vol. 14, Nº 3 (dic. 1980)
Record control number REV11485

No hay ítems disponibles.